000 01085nam a2200301 a 4500
001
003 DO-SdBNP
005 20220315080441.0
007 000023932
008 110117s2010 dr a 000 j spa d
020 _a9789945460582
040 _aBPMSU
_bspa
_cBPMSU
082 _aRD863.44
_bG861s 201
_222
100 1 _aGrimaldi Silié, Eleanor
245 1 3 _aEl sueño de Penélope ;
_bcuentos y poemas infantiles y juveniles /
_cEleanor Grimaldi Silié , Enrique Pérez Díaz ; ilustradores Werner Olmos ... [et al.]
260 _8Santo Domingo :
_bSantuario,
_c2010.
300 _a129 p. :
_bil. ;
_c21 cm.
500 _aIncluye datos biográficos de la autora en las solapas
501 _aPublicado con: Cuentos y poemas infantiles y juveniles
590 _6Inventariado, 2022/VM
650 4 _aCuentos infantiles dominicanos
650 4 _aPoesía infantil dominicana
650 4 _aLiteratura infantil dominicana
700 1 _aPéerez Díaz, Enrique
_t
700 1 _aOlmos, Werner,
_eil.
910 _aVMateo V. / Validado. Control de calidad MFF
942 _2ddc
_cBK
999 _c7767
_d7767